Guess the 1970s song lyrics #12 - Statistics

General Stats
  • This quiz has been taken 56 times
  • The average score is 143 of 258
Answer Stats
Answer % Correct
a
98%
I
98%
the
98%
you
96%
And
85%
on
85%
to
85%
Be
83%
she
83%
in
81%
her
79%
it
77%
me
77%
So
77%
Then
77%
my
74%
of
74%
Of
74%
your
74%
at
72%
there
72%
what
70%
see
68%
can
66%
for
66%
from
66%
get
66%
with
66%
With
66%
If
64%
just
60%
was
60%
I've
57%
win
57%
woman
57%
but
55%
gonna
55%
them
55%
look
53%
saw
53%
mind
51%
night
51%
She's
51%
day
49%
nothing
49%
out
49%
you're
49%
eyes
47%
knew
45%
behind
40%
dark
40%
devil
40%
evil
40%
had
40%
door
38%
I'd
38%
Let
38%
bad
34%
better
34%
into
34%
You'd
34%
Beware
32%
hair
30%
long
30%
big
28%
Give
28%
looked
28%
luck
28%
came
26%
green
26%
hand
26%
lady
26%
Since
26%
cat
23%
fast
23%
away
21%
cast
21%
spell
21%
careful
19%
Crystal
19%
hadn't
19%
Same
19%
ways
19%
ball
17%
found
17%
past
17%
ring
17%
table
17%
tall
17%
future
15%
myself
15%
Stay
15%
sweet
15%
finger
13%
floor
13%
feminine
11%
Giving
11%
Showing
11%
call
9%
lines
9%
moonlit
9%
stranger
9%
Answering
6%
mystical
6%
planned
6%
Tryin
6%
wondered
6%
drank
4%
neighborhood
4%
offered
4%
potion
4%
strays
4%
No matching quizzes found
Score Distribution
Percent of People with Each Score
Percentile by Number Answered
Your Score History
You have not taken this quiz